000 00611nam a2200193 a 4500
001 000004208
005 20240530073910.0
008 090720s2008 dr a 000 f spa d
040 _aDO-SdBNP
_bspa
_cBNPHU
082 _aRD863.44
_bO12n
100 1 _aObjío, Nelson Eddy
_912421
245 1 3 _aEl niño que habló con Jesús /
_cNelson Eddy Objío.
260 _aSanto Domingo :
_bDimensión futura,
_c2008.
300 _a198 p. :
_bil. ;
_c21 cm.
590 _aInventariado, 2020/MAA
650 0 _aNovela dominicana
_9223
650 0 _aLiteratura dominicana.
_967
910 _aValidado. Control de calidad MMOLINA
999 _c4022
_d4022